| 000 | 00855nam a22002055i 4500 | ||
|---|---|---|---|
| 001 | 167819 | ||
| 003 | ES-MaACL | ||
| 005 | 20250904043158.0 | ||
| 008 | 050930s1876 sp | |||||||| ||spa d | ||
| 040 |
_aCAM _bspa _cCAM |
||
| 100 | 1 |
_aWagner, Richard, _d1813-1883 _9240522 |
|
| 245 | 1 | 0 |
_aRienzi o El último de los tribunos _b: grande opera trágica en cinco actos / _cpoesía y música del maestro Ricardo Wagner. |
| 260 |
_aMadrid : _bAdministración Gorguera, 3, _c1876. |
||
| 300 |
_a16 p. ; _c15 cm. |
||
| 490 | 1 | _aLa lira : galería completa de los libretos de óperas en compendio | |
| 598 | _aDato de serie tomado de la cub. | ||
| 830 | 0 | 3 |
_aLa lira: galería completa de los libretos de óperas en compendio _9222655 |
| 852 |
_aES-MaACL _jFol-Laf-519 _z-- Rúst. _z-- Legado de Modesto de la Fuente |
||
| 999 |
_c167819 _d167819 |
||